|
|
|
|
| LEADER |
00000naa a2200000 i 4500 |
| 001 |
publ431 |
| 005 |
20150303111932.0 |
| 008 |
150303s2010 hu o 000 zxx d |
| 040 |
|
|
|a BGE Publikációtár Repozitórium
|b hun
|
| 100 |
1 |
|
|a Nyusztay László
|
| 245 |
1 |
0 |
|a Berlusconitól Berlusconiig
|b az olasz külpolitika néhány vonása a 2000-es években
|c Nyusztay László
|h [elektronikus dokumentum]
|
| 260 |
|
|
|a Budapesti Gazdasági Főiskola
|c 2010
|
| 300 |
|
|
|a 303-321
|
| 490 |
0 |
|
|a Tudományos Évkönyv 2009: Válság és megújulás
|
| 650 |
|
4 |
|a regionális tudományok
|
| 695 |
|
|
|a Olaszország
|
| 695 |
|
|
|a Külpolitika
|
| 856 |
4 |
0 |
|u https://publikaciotar.uni-bge.hu/id/eprint/431/1/tek_2009_19.pdf
|z Dokumentum-elérés
|